000 01092nam a22003377a 4500
003 CHAP
005 20220329140830.0
008 971013s1969 r 00010 d
010 _a58315
011 _a59287
035 _a63445
040 _cCHAP
090 _aFolleto 1502
100 0 0 _aStraskraba, Milan.
_9109953
245 _aPrimera contribución al conocimiento limnológico de las lagunas y embalses de Cuba
260 _aLa Habana :
_bInstituto de Biología,
_c1969
300 _a44 p.
_b: mapa
490 _aSerie biológica
_v; 4
590 _aBATCH-UPD
_b10
_c20130110
_lUCH01
_h0518
590 _aBATCH-UPD
_b10
_c20130110
_lUCH01
_h2256
590 _aBATCH-UPD
_b10
_c20130410
_lUCH01
_h0157
590 _aBATCH-UPD
_b10
_c20130914
_lUCH01
_h1648
590 _aCONVERSION
_b10
_c20130109
_lUCH01
_h1331
650 1 4 _aLagos
_xCuba.
_964423
650 1 4 _aLimnología
_xCuba.
_966803
710 0 _aInstituto de Biología. La Habana.
_959100
830 0 _aSerie biológica
_v; 4
_9104636
901 _aBK
942 _cFOLL
949 _aFolleto 1502
_bBC
_cFOLL
_d-136285
_eTS1
_i63445
_si
999 _c58315
_d58315